K pojetí krizového managementu
Obsahové a pojmové vymedzenie krízového manažmentu. Vývojová kríza organizácie v teórii manažmentu. Uplatňovanie krízového manažmentu. Oblasť pôsobenia krízového manažmentu. Definície podnikovej krízy. Druhy podnikových kríz. Krízová stratégia. Krízový manažér.
Salvato in:
| Autore principale: | |
|---|---|
| Altri autori: | |
| Natura: | Capitolo di libro |
| Lingua: | ceco |
| Soggetti: | |
| Tags: |
Nessun Tag, puoi essere il primo ad aggiungerne!!
|
MARC
| LEADER | 00000naa a2200000 4500 | ||
|---|---|---|---|
| 001 | r046491 | ||
| 005 | 20230929124603.8 | ||
| 041 | 0 | |a cze | |
| 044 | |a CZ | ||
| 245 | 1 | 0 | |a K pojetí krizového managementu |c Václav Lednický, Aleš Mateiciuc |
| 520 | |a Obsahové a pojmové vymedzenie krízového manažmentu. Vývojová kríza organizácie v teórii manažmentu. Uplatňovanie krízového manažmentu. Oblasť pôsobenia krízového manažmentu. Definície podnikovej krízy. Druhy podnikových kríz. Krízová stratégia. Krízový manažér. | ||
| 610 | 2 | 0 | |a manažment krízový |
| 610 | 2 | 0 | |a riadenie strategické |
| 610 | 2 | 0 | |a kríza podniku |
| 610 | 2 | 0 | |a teória riadenia |
| 610 | 2 | 0 | |a manažéri |
| 610 | 2 | 0 | |a riadenie zmien |
| 610 | 2 | 0 | |a pojmy |
| 100 | 1 | |a Lednický, Václav | |
| 700 | 1 | |a Mateiciuc, Aleš | |